000
00326nam a2200145Ia 4500
008
210210b1868 xxu||||| |||| 00| 0 eng d
041
_a
eng
082
_a
829/145
100
_a
COLLINS (W)
245
_a
Moonstone
260
_a
London
_b
Collins
_c
1868
650
_a
Moonstone
690
_a
English Fiction
906
_a
016751
999
_c
136431
_d
136431